Makkah madina: Haj o umra kay roh parvar tasorat (Record no. 10738)

000 -LEADER
fixed length control field 00403 a2200157 4500
020 ## - INTERNATIONAL STANDARD BOOK NUMBER
International Standard Book Number 9789695731833
040 ## - CATALOGING SOURCE
Original cataloging agency DLC
Language of cataloging DLC
082 ## - DEWEY DECIMAL CLASSIFICATION NUMBER
Classification number 910.4
100 ## - MAIN ENTRY--PERSONAL NAME
Personal name Irfan Siddique
245 ## - TITLE STATEMENT
Title Makkah madina: Haj o umra kay roh parvar tasorat
Statement of responsibility, etc. Irfan Siddique
260 ## - PUBLICATION, DISTRIBUTION, ETC.
Place of publication, distribution, etc. Lahore
Name of publisher, distributor, etc. Jahangir books
Date of publication, distribution, etc. 2011
300 ## - PHYSICAL DESCRIPTION
Extent 255 p.
650 ## - SUBJECT ADDED ENTRY--TOPICAL TERM
Topical term or geographic name entry element Safar nama
700 ## - ADDED ENTRY--PERSONAL NAME
Personal name Irfan Siddique
942 ## - ADDED ENTRY ELEMENTS (KOHA)
Koha item type Book
Call number prefix 910.4 IRF
Source of classification or shelving scheme
Holdings
Withdrawn status Lost status Source of classification or shelving scheme Damaged status Not for loan Permanent Location Current Location Shelving location Date acquired Source of acquisition Cost, normal purchase price Total Checkouts Full call number Barcode Date last seen Date last checked out Price effective from Koha item type
          Central Library (CL) Central Library (CL) General Stacks 03/13/2012 Saeed Book Bank 396.00 3 297.55 IRF SEECS010899 11/04/2016 11/04/2016 01/05/2017 Book
© 2023 Central Library, National University of Sciences and Technology. All Rights Reserved.